ბათუმის შოთა რუსთაველის სახელმწიფო უნივერსიტეტის ბიბლიოთეკა

National Archaeological Museum / (ბიბ.ჩანაწერი № 60657)

000 -LEADER
fixed length control field 00480nam a22001577a 4500
005 - DATE AND TIME OF LATEST TRANSACTION
control field 20231003172928.0
008 - FIXED-LENGTH DATA ELEMENTS--GENERAL INFORMATION
fixed length control field 231003s1976 enk||||| |||| 00| 0 eng d
041 ## - LANGUAGE CODE
Language code of text/sound track or separate title eng
080 ## - UNIVERSAL DECIMAL CLASSIFICATION NUMBER
Universal Decimal Classification number 069 K-92
100 ## - MAIN ENTRY--PERSONAL NAME
Personal name Kypreou, Loula
9 (RLIN) 19986
245 ## - TITLE STATEMENT
Title National Archaeological Museum /
Statement of responsibility, etc. Loula Kypreou.
264 ## - PRODUCTION, PUBLICATION, DISTRIBUTION, MANUFACTURE, AND COPYRIGHT NOTICE
Place of production, publication, distribution, manufacture Athens,
Date of production, publication, distribution, manufacture, or copyright notice 1976.
300 ## - PHYSICAL DESCRIPTION
Extent 152 p. :
Other physical details ill.
Dimensions 26 cm.
653 ## - INDEX TERM--UNCONTROLLED
keyword ეროვნული არქეოლოგიური მუზეუმი
942 ## - ADDED ENTRY ELEMENTS (KOHA)
Source of classification or shelving scheme
Koha item type წიგნი
ეგზემპლარები
Withdrawn status Lost status Source of classification or shelving scheme Damaged status Not for loan Permanent Location Current Location Shelving location Date acquired Cost, normal purchase price Full call number Barcode Date last seen Copy number Price effective from Koha item type Public note
          ბათუმის შოთა რუსთაველის სახელმწიფო უნივერსიტეტის მთავარი ბიბლიოთეკა ბათუმის შოთა რუსთაველის სახელმწიფო უნივერსიტეტის მთავარი ბიბლიოთეკა წიგნსაცავი 2023-10-03 7.00 069 K-92 65243 2023-10-03 65243 2023-10-03 წიგნი 7 ლ.